Wards of Croydon, London (2002 - 2022) - Statistics

General Stats
  • This quiz has been taken 43 times
  • The average score is 6 of 24
Answer Stats
Answer % Correct
Purley
85%
Thornton Heath
67%
New Addington
59%
Selhurst
52%
Addiscombe
44%
Shirley
44%
Waddon
44%
Norbury
37%
South Norwood
26%
Kenley
22%
Broad Green
19%
Sanderstead
19%
Upper Norwood
19%
Coulsdon East
11%
Coulsdon West
11%
Fairfield
11%
Fieldway
11%
West Thornton
7%
Ashburton
4%
Bensham Manor
4%
Croham
4%
Heathfield
4%
Woodside
4%
Selsdon and Ballards
0%
No matching quizzes found
Score Distribution
Percent of People with Each Score
Percentile by Number Answered
Your Score History
You have not taken this quiz